000 02098nam0a2200349 4500
001 RU\NLR\BIBL_A\012667094
005 20260408125148.0
021 _aRU
_b2021-56835
_9КН-П-4445
035 _a(NLR Aleph) 012667094
090 _a12773862
_c12773862
100 _a20211216d2021 |||y0rusy50 ca
101 0 _arus
102 _aRU
105 _aah||j|||000zy
181 0 _ai
_baxxe
182 0 _an
200 1 _aОграничение облучения космонавтов при околоземных космических полетах (ООКОКП - 2021)
_eметодические рекомендации МР ФМБА 17.01-2021
_fГосударственная корпорация "Роскосмос", Федеральное медико-биологическое агентство
203 _aТекст
_bвизуальный
_cнепосредственный
205 _a[Изд. офиц.]
210 _aМосква
_c[б. и.]
_d2021
215 _a44 с.
_cфакс., табл.
_d21
225 1 _aСистема стандартизации в здравоохранении
_iГруппа 17. Требования к системам жизнеобеспечения в экстремальных ситуациях и специальным системам
320 _aБиблиогр.: с. 39-43 (72 назв.)
606 1 _aКосмические летательные аппараты
_jМетодические пособия
_xСистемы жизнеобеспечения
_91438594
_3RU\NLR\AUTH\66608510
606 1 _aКосмические летательные аппараты
_jМетодические пособия
_xВлияние космической радиации
_91389459
_3RU\NLR\AUTH\66583944
686 1 _aО663.4я7
712 0 2 _4570
_a"Роскосмос", государственная корпорация по космической деятельности
_cМосква
_3RU\NLR\AUTH\880452792
_9569346
942 _cBOOK
980 _aNB